书目信息 |
| 题名: |
真臘风土记校注
|
|
| 作者: | 周达观 原著 ;夏鼐 校注 | |
| 分册: | ||
| 出版信息: | 北京 中华书局 1981 |
|
| 页数: | 205页 | |
| 开本: | 19cm | |
| 丛书名: | 中外交通史籍丛刊 | |
| 单 册: | ||
| 中图分类: | K335.3 , K247 | |
| 科图分类: | ||
| 主题词: | 中国--历史 | |
| 电子资源: | ||
| ISBN: | ||
| 000 | 00753oam2 2200277 450 | |
| 001 | 1535656671 | |
| 005 | 20170927082742.98 | |
| 010 | @dCNY0.66 | |
| 091 | @a11018.903 | |
| 100 | @a19950605d1981 em y0chiy0110 ea | |
| 101 | 0 | @achi |
| 102 | @aCN@b110000 | |
| 105 | @af z 000yy | |
| 200 | 1 | @a真臘风土记校注@9zhen la feng tu ji jiao zhu@f周达观原著@g夏鼐校注 |
| 210 | @a北京@c中华书局@d1981 | |
| 215 | @a205页@c照片@d19cm | |
| 225 | 2 | @a中外交通史籍丛刊 |
| 461 | 0 | @12001 @a中外交通史籍丛刊 |
| 606 | 0 | @a中国@x历史 |
| 607 | @a真腊@x研究资料 | |
| 690 | @aK335.3@v5 | |
| 690 | @aK247@v4 | |
| 701 | 0 | @a周达观@9zhou da guan@4原著 |
| 702 | 0 | @a夏鼐@9xia nai@f(1910~1985)@4校注 |
| 801 | 0 | @aCN@bTSSF@c20150123 |
| 905 | @aZUCC@dK247@eJY82 | |
| 真臘风土记校注/周达观原著/夏鼐校注.-北京:中华书局,1981 |
| 205页:照片;19cm.-(中外交通史籍丛刊) |
| ISBN :CNY0.66 |
| ● |
| 相关链接 |
|
|
|
|
正题名:真臘风土记校注
索取号:K247/JY82
 
预约/预借
| 序号 | 登录号 | 条形码 | 馆藏地/架位号 | 状态 | 备注 |
| 1 | 7844376 | 278443766 | 学院路分馆/ [索取号:K247/JY82] | 在馆 |